000 00522nam a2200205Ia 4500
005 20250425162652.0
008 250425s9999 xx 000 0 und d
041 _aspa
043 _aec
082 _a639.543
100 _aALVAREZ GALVEZ, MARCO
245 0 _aMANUAL PARA LAS BUENAS PRÁCTICAS EN LABORATORIO DE CAMARONES
250 _aS.E
260 _aEcuador
_bESCUELA SUPERIOR POLITECNICA DEL LITORAL
_c2003
260 _aGUAYAQUIL
300 _a84
650 _aCAMARONES
942 _c01
010 _a95408
999 _c234013
_d234013